000
00266nam a2200097Ia 4500
001
639900
005
20250826153437.0
008
250824s9999 xx 000 0 und d
245
0
_a
DEFİNE ANTİK OKUL KLASİKLERİ
_c
MEHMET RAUF
260
_b
ANTİK DÜNYA KLASİKLERİ
999
_c
639900
_d
639900